| 000 | 00501nam a2200169Ia 4500 | ||
|---|---|---|---|
| 005 | 20250923144252.0 | ||
| 008 | 008 250917s9999 xx 000 0 eng d | ||
| 037 | _aReports | ||
| 040 |
_aDSWL _beng _cDSWL |
||
| 041 |
_aeng _2eng |
||
| 084 |
_aV251,26'N46t, N48 _qDSWL |
||
| 245 | 0 | _aDelhi Municipal Organization Enquiry Comm. Report | |
| 260 |
_aNew Delhi _b Manager of Publications _c1948 |
||
| 300 | _a115 p. | ||
| 942 |
_cREP _hV251,26'N46t, N48 |
||
| 999 |
_c1436813 _d1436813 |
||